KATSEYE - Une lettre, une chanson - Statistiques

Statistiques générales
  • Ce quiz a été pris 683 fois
    83 depuis la dernière actualisation
  • Le résultat moyen est 6 sur 7
Statistiques - réponses
Lettres Chansons % Correct
G Gabriela / Gameboy / Gnarly
100%
M Mean Girls / M.I.A / My Way / Monster High Fright Song
97%
T Time Lapse / Tonight I Might / Touch
92%
I I'm Pretty / Internet Girl
89%
D Debut
84%
P Pinky Up
74%
F Flame
71%
Aucun quiz correspondant
Distribution des résultats
% des personnes avec chaque résultat
Percentile par nombre de réponses
Votre historique - résultats
Vous n’avez pas pris ce quiz depuis la dernière actualisation